LEADER 02981nam0 22005773i 450 001 RAV0064016 005 20251003044321.0 020 $aIT$b726510 100 $a19890913d1971 ||||0itac50 ba 101 | $aita$cita 102 $ait 181 1$6z01$ai $bxxxe 182 1$6z01$an 183 1$6z01$anc$2RDAcarrier 200 1 $aGiovanni Agnelli$fValerio Castronovo 210 $aTorino$cUnione tipografico-editrice torinese$d©1971 215 $aXIV, 807 p., [29] carte di tav.$cill.$d24 cm 225 | $aˆLa ‰vita sociale della nuova Italia$v20 312 $aTitolo dalla copertina e dorso: Agnelli$9RAV0074494 410 0$1001CFI0039111$12001 $aˆLa ‰vita sociale della nuova Italia$v20 500 10$aGiovanni Agnelli$3UBO4504202$9CFIV011226$9156781 517 1 $aAgnelli$9RAV0074494 606 $aAgnelli, Giovanni$xBiografia$2FIR$3LIGC153120$9I 606 $aAgnelli, Giovanni <1866-1945>$2FIR$3CFIC040260$9I 676 $a338.76292092$9ORGANISMI NELLE INDUSTRIE ESTRATTIVE, MANUFATTURIERE, DI COSTRUZIONE. VEICOLI TERRESTRI A MOTORE E CICLI. PERSONE COLLEGATE CON IL SOGGETTO$v19 676 $a920$9Biografia, genealogia, insegne$v14 676 $a923$9BIOGRAFIA. SOVRANI, UOMINI POLITICI, MILITARI, EDUCATORI, ETC.$v17 676 $a923$9BIOGRAFIE. PERSONE OPERANTI NEL CAMPO DELLE SCIENZE SOCIALI$v23 676 $a945.09092$9$v21 676 $a945.091092$9Storia. Italia. Regno di Vittorio Emanuele III, 1900-1946. Persone$v14 676 $a945.091092$9STORIA D'ITALIA. REGNO DI VITTORIO EMANUELE III, 1900-1946. Persone$v20 686 $aIT/X432.3$cGRANDE INDUSTRIA PRIVATA MULTINAZIONALI ITALIA$2R 686 $aX0.1/AGNELLI,GIOVANNI$cBIOGRAFIE E SCRITTI SU GIOVANNI AGNELLI$2R 700 1$aCastronovo$b, Valerio$3CFIV011226$4070$010077 801 3$aIT$bIT-000000$c19890913 850 $aIT-BN0095 $aIT-SA0255 $aIT-AV0001 $aIT-AV0003 $aIT-AV0007 $aIT-SA0045 $aIT-NA0070 $aIT-SA0199 $aIT-NA0120 $aIT-CE0127 $aIT-NA0581 $aIT-NA0230 $aIT-BN0052 $aIT-BN0015 $aIT-NA0580 901 $bNAP BU$c1 B $nPropedeutica. Formato cm. 20,1-28. 901 $bNAP BM$cSTORIA $n$ 901 $bNAP CO$cBIBLIOTECA$n$ 901 $bNAP AL$cVILLANI $n$ 901 $bNAP 99$cCONFORTI $n$ 901 $bNAP AV$cSEZ. M $nSezione Moderna 901 $bNAP PS$cSALA A $n$ 901 $bNAP FC$cFONDO $n$ 901 $bNAP AR$cP. CICCONE$nDONAZIONE 901 $bNAP CT$cSEZ.GEN. $n$ 912 $aRAV0064016 950 0$aBiblioteca Centralizzata di Ateneo$cv. 2-9;12-15;17-23;25-31;33-40$d 01COLL. ITA VITSDN$e 01AR 0070034485 VMA (0020 1 v.$fB $h20250610$i20250610 977 $a 01$a 99$a AL$a AR$a AV$a BM$a BU$a CO$a CR$a CT$a FC$a IR$a MG$a PB$a PS 996 $aGiovanni Agnelli$9156781 997 $aUNISANNIO